00704nam a2200169 a 450000100100000000500170001000800410002704000250006808200230009324500830011626000580019930000230025750000730028070000430035395201210039699900170051700004553720201002052313.0150414s1967 dr 000 0 spa d aDO-SdBNPbspacBNPHU axxxxxxxxbxxxxxxxx00aPrestamos hipotecario para viviendas /ctraducción Francisco Díaz Morales. aSanto Domingo :bInstituto Americano de Banca,c1967. a393 p. : ;c21 cm. aIncluye referencias bibliográficas y notas al pie de las páginas1 aDíaz Morales, Francisco,etr.923980 0010718PDaPDbPDcHDd2015-04-14iLF1l0oxxxxxxxx xxxxxxxxp45537-10r2020-06-25w2020-06-25yLFPDZNo se presta c45026d45026